000 00708nam a22002177a 4500
999 _c750
_d750
003 AR-CdUCM
008 190225b ||||| |||| 00| 0 spa d
040 _aMUNICIPALIDAD PROVINCIAL DEL CUSCO
_cBIBLIOTECA MUNICIPAL DEL CUSCO
082 _a980.98 /
_bG79
100 _aGracián
_92878
245 _aEl político Fernando :
_boráculo manual. El Heroe /
260 _aBuenos Aires :
_bAmericalee,
_c1943.
300 _a190 páginas ;
_c20 cm.
440 _aLos Clásicos Políticos.
_n8
_92879
650 _aClases Sociales
_92880
650 _aPolitica
_9291
650 _aGenio e ingenio
_92881
700 _aCosta, Joaquin (estudios preliminar)
_92882
942 _2ddc
_cLIBROS
945 _araen
_d2019-02-25